• 首页
  • 本馆介绍
  • 公告通知
  • 最新文献
  • 馆藏检索
  • 电子资源
  • 读者导购
  • 参考咨询
  • 我的图书馆
  • 登录
  • 详细信息显示
  • 放入我的书架
  • 预约/预借图书
  • 作者相关作品
  • 分类相关作品
  • 丛书相关作品
  • 出版社相关作品

书目信息

  • 表格格式
  • 工作单格式
  • 卡片格式
题名:
新兴古典经济学与超边际分析
    
 
作者: 杨小凯 , 张永生 著
分册:  
出版信息: 北京   社会科学文献出版社  2020.4
页数: 10,312页
开本: 16cm
丛书名: 社科文献学术文库
单 册:
中图分类: F091.347 , F091.3
科图分类:
主题词: 新古典经济学--研究
电子资源:
ISBN: 978-7-5201-6459-7
000 01407nam0 2200277 450
001 2149267110
005 20210104134129.11
010    @a978-7-5201-6459-7@dCNY98.00
100    @a20200426d2020 em y0chiy0110 ea
101 0  @achi
102    @aCN@b110000
105    @ay z 000yy
200 1  @a新兴古典经济学与超边际分析@9xin xing gu dian jing ji xue yu chao bian ji fen xi@f杨小凯, 张永生著
205    @a修订本
210    @a北京@c社会科学文献出版社@d2020.4
215    @a10,312页@d16cm
225 2  @a社科文献学术文库
330    @a《新兴古典经济学与超边际分析》(修订版)传递给我们这样一个信息:即“新兴古典经济学”较之新古典经济学更能描述我们的环境。这种观点通过一种有趣的方式,用优美而清晰的文笔表述出来,其对经济学专业术语理论的描述客观而生动、形象,为我们提供了高品质的知识,宽泛的思维视角。较为特别的是《新兴古典经济学与超边际分析》(修订版)没有像其他的经济学教科书那样,充斥着公式与烦琐的推论过程,而是运用极其精练而具有说服力的通俗直观的经济学事例与图表,将一门具有深厚理论基础与经过严格论证的新兴学科知识缓缓呈现在众人面前。再版后的《新兴古典经济学与超边际分析》(修订版)将充之以更新颖、翔实的内容,相信您读完后定会有所收获。
410  0 @12001 @a社科文献学术文库
606 0  @a新古典经济学@x研究
690    @aF091.347@v5
690    @aF091.3@v4
701  0 @a杨小凯@9yang xiao kai@4著
701  0 @a张永生@9zhang yong sheng@4著
801  2 @aCN@b58marc.cn@c20200426
905    @aMUSE@dF091.3@e12
    
    新兴古典经济学与超边际分析/杨小凯, 张永生著.-修订本.-北京:社会科学文献出版社,2020.4
    10,312页;16cm.-(社科文献学术文库)
    
    
    ISBN 978-7-5201-6459-7:CNY98.00
    《新兴古典经济学与超边际分析》(修订版)传递给我们这样一个信息:即“新兴古典经济学”较之新古典经济学更能描述我们的环境。这种观点通过一种有趣的方式,用优美而清晰的文笔表述出来,其对经济学专业术语理论的描述客观而生动、形象,为我们提供了高品质的知识,宽泛的思维视角。较为特别的是《新兴古典经济学与超边际分析》(修订版)没有像其他的经济学教科书那样,充斥着公式与烦琐的推论过程,而是运用极其精练而具有说服力的通俗直观的经济学事例与图表,将一门具有深厚理论基础与经过严格论证的新兴学科知识缓缓呈现在众人面前。再版后的《新兴古典经济学与超边际分析》(修订版)将充之以更新颖、翔实的内容,相信您读完后定会有所收获。
●
相关链接 在五车中查询图书 在当当中查询图书 在豆瓣中查询图书


正题名:新兴古典经济学与超边际分析     索取号:F091.3/12         预约/预借

序号 登录号 条形码 馆藏地/架位号 状态 备注
1 2000878607   2000878607   第二书库/ [索取号:F091.3/12] 在馆    
2 2000878608   2000878608   第二书库/ [索取号:F091.3/12] 在馆    
3 2000878609   2000878609   第二书库/ [索取号:F091.3/12] 在馆    
山东省滨州职业学院图书馆 欢迎您!
大连网信软件有限公司© 版权所有